000 00292nam a22001337a 4500
008 170419b xxu||||| |||| 00| 0 eng d
020 _a9780805348521
041 _aeng
080 _25TH
_a573
100 _a11
101 _aSHM
245 _aTHE WORLD OF THE CELL
_cBECKER
942 _2udc
_cBK
999 _c11268
_d11268